00727nam a2200193 a 450000500170000000800410001702000180005805000270007610000230010324500480012625000120017426000510018630000150023744000270025252000920027965000260037199900190039795201170041620140412111225.0010523s19uu xx 00 eng d a0-87965-753-7 aTR(GS 420.7bS633 Bk.C aBoning, Richard A. aDrawing conclusions C /cRichard A. Boning. a3rd Ed. aBaldwin, New York :bBarnell Loft, Ltd,c1982. a1v. (unp.) aSpecific Skills Series aDrawing conclusions has been written to help develop an important interpretative skill. aInterpretative skills c102028d102028 001040aELbELcTRd2001-05-23eLib. Fundl0oTR(GS 420.7 S633 Bk.CpE0320r2014-04-12 00:00:00w2014-04-12yBK